Stati per produzione di Prugne - Statistics

Statistiche generali
  • Questo quiz è stato fatto 8 volte
  • Il punteggio medio è 9 su 10
Statistiche sulle risposte
Produzione (tonnellate) Continente Nazione % Corretto
6 791 974 Asia Cina
100%
205 031 Europa Francia
100%
169 467 Asia India
100%
206 966 Europa Italia
100%
423 200 America del Nord Stati Uniti
100%
290 175 America del Sud Cile
83%
291 934 Asia / Europa Turchia
83%
434 390 Europa Romania
67%
330 582 Europa Serbia
67%
298 893 Asia Iran
50%
Nessun quiz corrispondente trovato
Distribuzione punteggi
Percentuale di utenti per punteggio
Percentile per numero di risposta
I tuoi punteggi nel tempo
Non hai fatto questo quiz